000 00465nam a2200193Ia 4500
005 20240823034943.0
008 240823s9999||||xx |||||||||||||| ||und||
020 _a978-93-5029-100-9
041 _aENGLISH
082 _A823.914 Q1
100 _aAshok K Banker
245 0 _aDance of Govinda Krishna Coriolis-Book II
250 _a1st
260 _c2011
_bHarpercollins Publi
500 _aYES
650 _aNovel
_bEnglish
942 _cBK
999 _c199526
_d199526